[Event "Criciuma op-B"]
[Site "Criciuma"]
[Date "2024.01.14"]
[Round "4"]
[White "Cardoso, Maria Paula Da Silv"]
[Black "Batista, Leonardo Antonio"]
[Result "1-0"]
[WhiteElo "1780"]
[BlackElo "1640"]
[PlyCount "45"]
[EventDate "2024.01.12"]
[EventType "swiss"]
[EventRounds "9"]
[EventCountry "BRA"]
[SourceTitle "CB04_2024"]
[SourceDate "2023.10.16"]
[SourceVersion "1"]
[SourceVersionDate "2023.10.16"]
[SourceQuality "1"]

1. e4 e6 2. d3 d5 3. Nd2 c5 4. Ngf3 Nc6 5. g3 Nf6 6. Bg2 Be7 7. 0-0 b5 8. e5 Nd7 9. Re1 Qc7 10. Qe2 g5 11. c4 g4 12. Nh4 Bxh4 13. gxh4 Ndxe5 14. cxd5 Nf3+ 15. Nxf3 gxf3 16. Qxf3 Nd4 17. Qh5 Nc2 18. dxe6 Nxe1 19. exf7+ Qxf7 20. Bc6+ Kf8 21. Bh6+ Kg8 22. Qg5+ Qg6 23. Bd5+ 1-0

[Event "Criciuma op-B"]
[Site "Criciuma"]
[Date "2024.01.12"]
[Round "1"]
[White "Salamanca Paraguayo, Mateo"]
[Black "Cardoso, Maria Paula Da Silv"]
[Result "0-1"]
[WhiteElo "1182"]
[BlackElo "1780"]
[PlyCount "54"]
[EventDate "2024.01.12"]
[EventType "swiss"]
[EventRounds "9"]
[EventCountry "BRA"]
[SourceTitle "CB04_2024"]
[SourceDate "2023.10.16"]
[SourceVersion "1"]
[SourceVersionDate "2023.10.16"]
[SourceQuality "1"]

1. e4 c5 2. Nf3 d6 3. Nc3 Nf6 4. Bb5+ Bd7 5. Bxd7+ Nbxd7 6. 0-0 e6 7. d4 cxd4 8. Nxd4 Be7 9. Ndb5 Nc5 10. Bg5 Nfxe4 11. Nxe4 Nxe4 12. Bxe7 Qxe7 13. f3 a6 14. Nd4 Nf6 15. Re1 Qc7 16. Kh1 0-0 17. Rc1 b5 18. b4 Qc3 19. a3 Rac8 20. Nb3 Rfd8 21. Qd2 Qxd2 22. Nxd2 Rc3 23. Nb3 Rdc8 24. Red1 Nd5 25. Rd3 Rxc2 26. Rxc2 Rxc2 27. Rd1 Kf8 0-1

[Event "Florianopolis op-A"]
[Site "Florianopolis"]
[Date "2023.09.24"]
[Round "5"]
[White "Boabaid, Jorge Alberto Duard"]
[Black "Cardoso, Maria Paula Da Silv"]
[Result "1-0"]
[WhiteElo "1771"]
[BlackElo "1798"]
[PlyCount "92"]
[EventDate "2023.09.22"]
[EventType "swiss"]
[EventRounds "6"]
[EventCountry "BRA"]
[SourceTitle "EXT 2024"]
[Source "ChessBase"]
[SourceDate "2023.10.10"]
[SourceVersion "1"]
[SourceVersionDate "2023.10.10"]
[SourceQuality "1"]

1. e4 c5 2. Nf3 d6 3. d4 cxd4 4. Nxd4 Nf6 5. Nc3 a6 6. Bg5 e6 7. f4 Be7 8. Qf3 Qc7 9. 0-0-0 Nbd7 10. g4 b5 11. Bxf6 Nxf6 12. g5 Nd7 13. Bh3 Nc5 14. a3 Bd7 15. Rhg1 Qa5 16. f5 0-0-0 17. f6 gxf6 18. gxf6 Bf8 19. Na2 Qb6 20. Kb1 Kb8 21. Rg3 Bc8 22. Qe2 Bb7 23. Bg2 Nd7 24. Qf1 Ne5 25. Rb3 Nc6 26. Nxc6+ Qxc6 27. Nc3 Rc8 28. Qe2 Qc5 29. Na2 Rg8 30. Rc3 Qg5 31. Rg3 Qxg3 32. hxg3 Rxg3 33. Bh1 Rg6 34. e5 d5 35. Nb4 Bc5 36. Nd3 Bb6 37. Nf4 Rg5 38. Nh5 Bc7 39. Bf3 Rcg8 40. Qd3 R8g6 41. Nf4 Rh6 42. Nxe6 Rxe5 43. Nxc7 Kxc7 44. Qd4 Rf5 45. Qc5+ Bc6 46. Qe7+ Bd7 1-0

[Event "Florianopolis op-B 04"]
[Site "Florianopolis"]
[Date "2023.04.30"]
[Round "5"]
[White "Bonfim, Rodrigo Rosa"]
[Black "Cardoso, Maria Paula Da Silv"]
[Result "0-1"]
[WhiteElo "1800"]
[BlackElo "1728"]
[PlyCount "114"]
[EventDate "2023.04.28"]
[EventType "swiss"]
[EventRounds "6"]
[EventCountry "BRA"]
[SourceTitle "CBM 214 Extra"]
[Source "ChessBase"]
[SourceDate "2023.07.31"]
[SourceVersion "1"]
[SourceVersionDate "2023.07.31"]
[SourceQuality "1"]

1. d4 d5 2. c4 e6 3. Nf3 Nf6 4. Nc3 c6 5. Bg5 Nbd7 6. e3 Be7 7. Bd3 dxc4 8. Bxc4 b5 9. Be2 Bb7 10. 0-0 a6 11. Rc1 0-0 12. Re1 Rc8 13. Bd3 c5 14. a3 cxd4 15. exd4 Nb6 16. Bxf6 Bxf6 17. Be4 Bxe4 18. Nxe4 Be7 19. Rxc8 Qxc8 20. b4 Rd8 21. Qb3 Nc4 22. Nc5 Bf6 23. Rd1 Qc6 24. Kh1 h6 25. a4 Nb6 26. a5 Nd5 27. Ne1 Nf4 28. Qf3 Qxf3 29. Nxf3 Rd6 30. Ne4 Rc6 31. Nxf6+ gxf6 32. g3 Nd5 33. Rb1 Rc4 34. Kg2 Nxb4 35. Nd2 Rxd4 36. Nf3 Rc4 37. Nd2 Rc2 38. Rxb4 Rxd2 39. Rb3 Ra2 40. Rd3 Rxa5 41. Rd6 b4 42. Rb6 Ra4 43. Kh3 a5 44. f4 Ra3 45. Kh4 b3 46. Kh5 Kg7 47. h4 a4 48. Rb4 Ra2 49. f5 exf5 50. g4 fxg4 51. Rxg4+ Kf8 52. Kxh6 a3 53. Rb4 Rb2 54. Rb8+ Ke7 55. h5 a2 56. Ra8 Rb1 57. Ra7+ Ke6 0-1

[Event "Florianopolis op-B 04"]
[Site "Florianopolis"]
[Date "2023.04.29"]
[Round "2"]
[White "Cardoso, Maria Paula Da Silv"]
[Black "Do Amaral e Silva, Larissa Blue"]
[Result "1-0"]
[WhiteElo "1728"]
[BlackElo "1377"]
[PlyCount "71"]
[EventDate "2023.04.28"]
[EventType "swiss"]
[EventRounds "6"]
[EventCountry "BRA"]
[SourceTitle "CBM 214 Extra"]
[Source "ChessBase"]
[SourceDate "2023.07.31"]
[SourceVersion "1"]
[SourceVersionDate "2023.07.31"]
[SourceQuality "1"]

1. e4 e5 2. Nf3 Nc6 3. Bc4 Bc5 4. c3 Nf6 5. d3 h6 6. Nbd2 a6 7. Bb3 d6 8. Nf1 0-0 9. Ng3 Re8 10. 0-0 Ba7 11. h3 d5 12. exd5 Nxd5 13. Re1 Kh8 14. Qe2 f6 15. Nh4 Nde7 16. Qh5 Kh7 17. Bxh6 gxh6 18. Qf7+ Kh8 19. Nh5 Rg8 20. Nxf6 Rg7 21. Qh5 Rxg2+ 22. Kxg2 Bxh3+ 23. Kxh3 Qf8 24. Ng6+ Nxg6 25. Qxg6 Qg7 26. Qxg7+ Kxg7 27. Ne4 Rf8 28. Rg1+ Kh7 29. Rg2 Ne7 30. Rag1 Nf5 31. Be6 h5 32. Bxf5+ Rxf5 33. Rg7+ Kh8 34. R7g5 Rxg5 35. Rxg5 c5 36. Nf6 1-0

[Event "Catarinense-ch U20 Girls"]
[Site "Rio Negrinho"]
[Date "2023.03.25"]
[Round "4"]
[White "Terao, Juliana Sayumi"]
[Black "Cardoso, Maria Paula Da Silv"]
[Result "1-0"]
[WhiteElo "2246"]
[BlackElo "1660"]
[PlyCount "67"]
[EventDate "2023.03.24"]
[EventType "swiss"]
[EventRounds "6"]
[EventCountry "BRA"]
[SourceTitle "CBM 213 Extra"]
[Source "ChessBase"]
[SourceDate "2023.05.31"]
[SourceVersion "1"]
[SourceVersionDate "2023.05.31"]
[SourceQuality "1"]

1. e4 c5 2. Nf3 d6 3. d4 cxd4 4. Nxd4 Nf6 5. Nc3 a6 6. Be2 e5 7. Nb3 Be6 8. f4 exf4 9. Bxf4 Nc6 10. Qd3 Qc7 11. 0-0-0 Rd8 12. Kb1 Be7 13. Qg3 Kf8 14. Rhf1 b5 15. a3 Ne5 16. Nd4 Rb8 17. Nxe6+ fxe6 18. Qh3 b4 19. axb4 Rxb4 20. g4 Kf7 21. g5 Rc8 22. gxf6 Bxf6 23. Bxe5 dxe5 24. Rd3 Ke7 25. Rxf6 Kxf6 26. Qh4+ Kf7 27. Qxh7 Rxb2+ 28. Kxb2 Qb6+ 29. Kc1 Qg1+ 30. Nd1 Qg5+ 31. Ne3 Qg1+ 32. Kd2 Qf2 33. Rd7+ Ke8 34. Qxg7 1-0

[Event "Catarinense-ch U20 Girls"]
[Site "Rio Negrinho"]
[Date "2023.03.24"]
[Round "1"]
[White "Marques, Melissa da Costa"]
[Black "Cardoso, Maria Paula Da Silv"]
[Result "0-1"]
[WhiteElo "1059"]
[BlackElo "1660"]
[PlyCount "68"]
[EventDate "2023.03.24"]
[EventType "swiss"]
[EventRounds "6"]
[EventCountry "BRA"]
[SourceTitle "CBM 213 Extra"]
[Source "ChessBase"]
[SourceDate "2023.05.31"]
[SourceVersion "1"]
[SourceVersionDate "2023.05.31"]
[SourceQuality "1"]

1. e4 c5 2. Nf3 d6 3. d4 cxd4 4. Nxd4 Nf6 5. Nc3 a6 6. Bd3 e5 7. Nb3 b5 8. a3 Bb7 9. Bg5 Nbd7 10. f3 Be7 11. Be2 Qc7 12. Qd3 0-0 13. Nd2 Nc5 14. Qe3 Ne6 15. f4 h6 16. fxe5 Nxg5 17. exf6 Bxf6 18. h4 Ne6 19. Rh3 Rfe8 20. g4 d5 21. Bf3 d4 22. Qg1 dxc3 23. bxc3 Bxc3 24. Rd1 Nd4 25. g5 Nxf3+ 26. Rxf3 Rxe4+ 27. Kf1 Bxd2 28. Rxd2 Rae8 29. Rd1 Qc4+ 30. Rfd3 Rf4+ 31. Qf2 Rxf2+ 32. Kxf2 Qf4+ 33. Kg1 Qg4+ 34. Kf1 Qg2# 0-1

[Event "Florianopolis op 9th"]
[Site "Florianopolis"]
[Date "2023.01.26"]
[Round "5"]
[White "Cezar, Ricardo de Almeida"]
[Black "Cardoso, Maria Paula Da Silv"]
[Result "0-1"]
[WhiteElo "1795"]
[BlackElo "1511"]
[PlyCount "96"]
[EventDate "2023.01.23"]
[EventType "swiss"]
[EventRounds "10"]
[EventCountry "BRA"]
[SourceTitle "CBM 212 Extra"]
[Source "ChessBase"]
[SourceDate "2023.03.31"]
[SourceVersion "1"]
[SourceVersionDate "2023.03.31"]
[SourceQuality "1"]

1. d4 d5 2. c4 e6 3. Nc3 Nf6 4. cxd5 exd5 5. Bg5 Nbd7 6. e3 c6 7. Bd3 Be7 8. Qc2 0-0 9. Nf3 Re8 10. h3 Ne4 11. Bxe4 dxe4 12. Nxe4 Qa5+ 13. Qd2 Bb4 14. Nc3 Nb6 15. a3 Nc4 16. Qc1 Bf8 17. 0-0 Bf5 18. b4 Qa6 19. Bf4 Rad8 20. Nd2 b6 21. Re1 Nxd2 22. Qxd2 Qc8 23. e4 Be6 24. Rad1 h6 25. Qd3 g6 26. Be5 f5 27. Qg3 Kh7 28. h4 Be7 29. d5 cxd5 30. exd5 Bf7 31. d6 Bf8 32. Nb5 Qc6 33. a4 a6 34. Rc1 Qd7 35. Nc7 Rxe5 36. Qxe5 Bxd6 37. Qf6 Bxc7 38. g3 Re8 39. h5 Bd8 40. hxg6+ Bxg6 41. Qc3 Bg5 42. Rxe8 Bxe8 43. Ra1 Kg6 44. Ra2 Bf7 45. Rc2 Qd1+ 46. Kh2 Bd5 47. f3 Bxf3 48. g4 Bf4+ 0-1

[Event "Florianopolis op 9th"]
[Site "Florianopolis"]
[Date "2023.01.24"]
[Round "2"]
[White "Cardoso, Maria Paula Da Silv"]
[Black "Sikorski, Valentim Enrico"]
[Result "1-0"]
[WhiteElo "1511"]
[BlackElo "1800"]
[PlyCount "61"]
[EventDate "2023.01.23"]
[EventType "swiss"]
[EventRounds "10"]
[EventCountry "BRA"]
[SourceTitle "CBM 212 Extra"]
[Source "ChessBase"]
[SourceDate "2023.03.31"]
[SourceVersion "1"]
[SourceVersionDate "2023.03.31"]
[SourceQuality "1"]

1. e4 c5 2. Nf3 e6 3. c3 a6 4. d4 cxd4 5. cxd4 Qc7 6. Nc3 Bb4 7. Bd2 b5 8. Rc1 Ne7 9. Nxb5 Bxd2+ 10. Qxd2 axb5 11. Rxc7 0-0 12. Bd3 Ba6 13. 0-0 Nbc6 14. Rxd7 Rfd8 15. Rxd8+ Rxd8 16. Qe3 h6 17. h3 f5 18. exf5 exf5 19. Qe6+ Kf8 20. Bxf5 Bc8 21. Qb3 Bxf5 22. Qxb5 Rb8 23. Qc5 Be4 24. Ne5 Nxe5 25. Qxe5 Rxb2 26. Qxe4 Rxa2 27. Rb1 Ra4 28. Qe6 Rxd4 29. Rb8+ Nc8 30. Rxc8+ Rd8 31. Rxd8# 1-0